Conyza bonariensis growth and development according to thermal time accumulation and photoperiod (Registro n. 298869)
[ somente texto ]
| 000 -LÍDER | |
|---|---|
| fixed length control field | 04129nab a2200349 i 4500 |
| 003 - CÓDIGO MARC DA AGÊNCIA CATALOGADORA | |
| Campo de controle | BR-BrBNA |
| 005 - DATA E HORA DA ÚLTIMA ATUALIZAÇÃO | |
| Campo de controle | 20240320133734.0 |
| 008 - CAMPO DE TAMANHO FIXO | |
| fixed length control field | 240320b2020 bl.ar|pooa||| 00| 0 eng | |
| 040 ## - FONTE DA CATALOGAÇÃO | |
| Agência catalogadora | BR-BrBNA |
| Idioma da catalogação | eng |
| 072 ## - CATEGORIA AGRIS | |
| Código AGRIS | H60 |
| 100 ## - ENTRADA PRINCIPAL - NOME PESSOAL | |
| Nome pessoal | Streck, Nereu Augusto |
| 100 ## - ENTRADA PRINCIPAL - NOME PESSOAL | |
| Nome pessoal | Dalazen, Giliardi |
| 100 ## - ENTRADA PRINCIPAL - NOME PESSOAL | |
| Nome pessoal | Lencina, Anelise da Silva |
| 100 ## - ENTRADA PRINCIPAL - NOME PESSOAL | |
| Nome pessoal | Kruse, Nelson Diehl |
| 100 ## - ENTRADA PRINCIPAL - NOME PESSOAL | |
| Nome pessoal | Silva, Michel Rocha da |
| 100 ## - ENTRADA PRINCIPAL - NOME PESSOAL | |
| Nome pessoal | Rocha, Thiago Schmitz Marques da |
| 100 ## - ENTRADA PRINCIPAL - NOME PESSOAL | |
| Nome pessoal | Ribas, Giovana Ghisleni |
| 100 ## - ENTRADA PRINCIPAL - NOME PESSOAL | |
| Nome pessoal | Zanon, Alencar Junior |
| 100 ## - ENTRADA PRINCIPAL - NOME PESSOAL | |
| Nome pessoal | Ulguim, André da Rosa |
| 245 ## - TÍTULO PRINCIPAL | |
| Título principal | Conyza bonariensis growth and development according to thermal time accumulation and photoperiod |
| 500 ## - NOTA GERAL | |
| Nota geral | Publicação online; 28 ref.; 4 tables; 4 illus.; Summaries (En, Pt) |
| 942 ## - ADDED ENTRY ELEMENTS (KOHA) | |
| Koha item type | |
| 520 ## - NOTA DE RESUMO | |
| Nota de conteúdo | Abstract – The objective of this work was to characterize the growth and<br/>development of hairy fleabane (Conyza bonariensis) according to thermal<br/>accumulation and photoperiod, at different sowing times, and to propose a<br/>scale representing the main plant development stages. The experiment was<br/>carried out with ten replicates in the 2011/2012 growing season. The sowing<br/>dates were: 05/31/2011, 07/04/2011, 08/03/2011, 09/09/2011, and 11/07/2011.<br/>Plant height (cm) and phenology were evaluated weekly. The duration of<br/>the different stages (days) and thermal time accumulation (°C day) were<br/>determined. The linear regression analysis showed that plant height was related<br/>to thermal time accumulation. Regardless of the sowing date, the vegetative<br/>stage had a longer duration (in days and in ºC day) than the reproductive stage.<br/>Sowing on 11/07/2011 promoted the shortening of the vegetative stage, and the<br/>rosette stage did not occur. Flowering was induced in the photoperiod between<br/>12.5 and 13.5 hours of light, regardless of the sowing date. Slow growth was<br/>observed at lower temperature conditions, when plants accumulated 30.9 and<br/>16.3°C day per centimeter of height for the 05/31/2011 and 11/07/2011 sowing<br/>dates, respectively. The phenology scale adequately predicts the development<br/>stages of hairy fleabane. <br/><br/><br/>Index terms: morphology, phenology, weed. |
| 520 ## - NOTA DE RESUMO | |
| Nota de conteúdo | Resumo – O objetivo deste trabalho foi caracterizar o crescimento e o<br/>desenvolvimento da buva (Conyza bonariensis) em razão do acúmulo térmico<br/>e do fotoperíodo, em diferentes épocas de semeadura, e propor uma escala<br/>para representar os principais estádios de desenvolvimento das plantas. O<br/>experimento foi realizado com dez repetições, no período de cultivo 2011/2012.<br/>As datas de semeaduras foram: 31/05/2011, 04/07/2011, 03/08/2011, 09/09/2011 e<br/>07/11/2011. A altura de planta (cm) e a fenologia foram avaliadas semanalmente.<br/>A duração dos diferentes estádios (dias) e a soma térmica acumulada (°C<br/>dia) foram determinadas. A regressão linear mostrou que a altura de plantas<br/>relacionou-se à soma térmica acumulada. Independentemente da data de<br/>semeadura, a fase vegetativa teve maior duração (em dias e em ºC dia) do que<br/>a fase reprodutiva. A semeadura em 07/11/2011 promoveu o encurtamento da<br/>fase vegetativa, e o estádio roseta não ocorreu. Houve indução do florescimento<br/>em fotoperíodo entre 12,5 e 13,5 horas de luz, independentemente da época<br/>de semeadura. Observou-se crescimento mais lento na condição de menor<br/>temperatura, em que as plantas acumularam 30,9 e 16,3 °C dia por centímetro<br/>de altura, nas semeaduras em 31/05/2011 e 07/11/2011, respectivamente. A<br/>escala fenológica prevê adequadamente as fases de desenvolvimento da buva. <br/><br/>Termos para indexação: morfologia, fenologia, planta daninha. |
| 650 ## - ASSUNTO - THESAGRO | |
| Cabeçalho tópico ou nome geográfico | ERVA DANINHA |
| 650 ## - ASSUNTO - THESAGRO | |
| Cabeçalho tópico ou nome geográfico | CRESCIMENTO |
| 650 ## - ASSUNTO - THESAGRO | |
| Cabeçalho tópico ou nome geográfico | FENOLOGIA |
| 650 ## - ASSUNTO - THESAGRO | |
| Cabeçalho tópico ou nome geográfico | MORFOLOGIA VEGETAL |
| 773 0# - ENTRADA ANALÍTICA | |
| Host Biblionumber | 920 |
| Registro do item | 25800 |
| Imprenta | Brasília-DF Empresa Brasileira de Pesquisa Agropecuária - EMBRAPA 1966- |
| Outro identificador | 2023-436355 |
| Título | Pesquisa Agropecuária Brasileira (Brazil) |
| ISSN | 0100-204X |
| Colação | v. 55 p. 1-10; (2020) |
| Número de controle de registro | BR202400042 |
| 856 ## - ACESSO E ENDEREÇO ELETRÔNICO | |
| Identificador uniforme de recurso - URI | https://www.scielo.br/j/pab/a/kHb85n9X6PLypkvcySxfFhf/?format=pdf&lang=en |
Nenhum exemplar disponível.

BINAGRI